000 00605nam a22002297a 4500
003 UA-OsUOA
001 66310
007 ta
008 20091225b un ||||| |||| 00| 0 ukr d
090 _a94()477.02
_bИ99
942 _cBK
040 _aUA-OsUOA
_bukr
_cUA-OsUOA
_dUA-OsUOA
245 _aІсторія України
_bДля дітей шкільного віку
300 _a224 с.
955 _a2
041 _aukr
080 _a94()477.02
020 _a5-7770-0557-8
260 _aК.
_c1992
650 7 _a9 Географія. Біографії. Історія
_2UDC
999 _c352438
_d352438